Statistics for Australian Icons

Click here to take the quiz!

General Stats

  • This quiz has been taken 178 times
  • The average score is 13 of 23

Answer Stats

HintAnswer% Correct
Largest Citysydney
95%
Largest coral reefgreat barrier reef
89%
Island Statetasmania
87%
Sport featuring 'The Ashes'cricket
84%
Eats Gum Leaveskoala
81%
Crocodile Huntersteve irwin
81%
Longest rivermurray
75%
Bombed in World War IIdarwin
74%
Iron bridgeHarbour bridge
73%
Largest stadiumMCG
69%
'The Man From ____ River.'snowy
69%
First Englishman to Sight Australiacook
65%
City of churchesadelaide
60%
Cape ___ Peninsulayork
60%
Largest monolithuluru
55%
Extinct Animal- 'Thylacine'tasmanian tiger
52%
Most famous cyclonetracy
50%
Only Prime Minister to Be Sacked by the Governer Generalgough whitlam
29%
Most Venomous Land Snaketaipan
25%
First Battle as a Countrygallipoli
18%
Largest Desertgreat victoria desert
8%
Dome Shaped Landforms In the Kimberleybungle bungle
6%
Jumping crocodilesAdelaide River
1%

Score Distribution

Percentile by Number Answered

Percent of People with Each Score

Your Score History

You have not taken this quiz